| 000 | 00335nam a22001337a 4500 | ||
|---|---|---|---|
| 020 | _a978-0824747220 | ||
| 041 | _aENG | ||
| 100 | _aNeeser.J.R | ||
| 245 | _aBioprocesses And Biotechnology For Functional Foods And Nutraceuticals | ||
| 260 |
_aNew York _bMarcel Dekker _c2004 |
||
| 300 | _a449 | ||
| 650 | _aAPE | ||
| 856 | _uAPE ( 03 ) | ||
| 999 |
_c1708 _d1708 |
||